[Event "Harrogate 4NCL op-B 27th"]
[Site "Harrogate"]
[Date "2022.01.22"]
[Round "2"]
[White "Zigmond, Andrew"]
[Black "Mildenhall, John"]
[Result "0-1"]
[WhiteElo "1731"]
[BlackElo "1976"]
[PlyCount "87"]
[EventDate "2022.01.21"]
[EventType "swiss"]
[EventRounds "5"]
[EventCountry "ENG"]
[SourceTitle "CBM 206 Extra"]
[Source "ChessBase"]
[SourceDate "2022.03.31"]
[SourceVersion "1"]
[SourceVersionDate "2022.03.31"]
[SourceQuality "1"]

1. e4 c5 2. Nf3 e6 3. d4 cxd4 4. Nxd4 Nc6 5. Be3 a6 6. c3 Qc7 7. Nd2 Nge7 8. N2f3 d5 9. exd5 Nxd5 10. Qd2 Nxe3 11. Qxe3 Bd6 12. Bd3 Nxd4 13. Qxd4 e5 14. Qa4+ Bd7 15. Qc2 b6 16. 0-0-0 0-0-0 17. Ng5 Bc6 18. Ne4 Be7 19. f3 f5 20. Nd2 Rhe8 21. Rhe1 Kb7 22. Nb3 Bg5+ 23. Kb1 e4 24. fxe4 fxe4 25. Be2 Rxd1+ 26. Rxd1 Qxh2 27. Nd4 Qc7 28. Nxc6 Qxc6 29. Bg4 Rd8 30. Rxd8 Bxd8 31. Qd2 Bh4 32. Qd7+ Qxd7 33. Bxd7 Kc7 34. Bg4 h5 35. Be2 Kd6 36. Kc2 Bf2 37. Bc4 h4 38. Kd2 a5 39. a4 Bc5 40. Bf7 g5 41. Bg6 Ke5 42. Ke2 Kf4 43. Bf7 g4 44. Be6 0-1

[Event "GBR-ch Soanes op 106th"]
[Site "Torquay"]
[Date "2019.07.26"]
[Round "1"]
[White "Tarling, Ray"]
[Black "Zigmond, Andrew"]
[Result "1/2-1/2"]
[WhiteElo "1755"]
[BlackElo "1591"]
[PlyCount "38"]
[EventDate "2019.07.26"]
[EventType "swiss"]
[EventRounds "5"]
[EventCountry "ENG"]
[SourceTitle "EXT 2021"]
[Source "ChessBase"]
[SourceDate "2020.10.23"]
[SourceVersion "1"]
[SourceVersionDate "2020.10.23"]
[SourceQuality "1"]

1. e4 c5 2. Nf3 Nc6 3. Bb5 d6 4. 0-0 Bd7 5. Re1 Nf6 6. Bxc6 Bxc6 7. e5 dxe5 8. Nxe5 Qc7 9. d3 e6 10. Nd2 Bd6 11. Ndc4 0-0 12. Bf4 Nd5 13. Bg3 Bxe5 14. Nxe5 Qb6 15. Nxc6 Qxc6 16. Qe2 Rac8 17. c3 Rfd8 18. Rad1 Qa4 19. a3 Qc6 1/2-1/2

[Event "BCF-ch Weekend Under 1825 105th"]
[Site "Hull"]
[Date "2018.07.28"]
[Round "3.15"]
[White "Zigmond, Andrew"]
[Black "Wong, Cheuk Nam"]
[Result "1-0"]
[WhiteElo "1539"]
[BlackElo "1667"]
[PlyCount "115"]
[EventDate "2018.07.27"]
[EventType "swiss"]
[EventRounds "5"]
[EventCountry "ENG"]
[SourceTitle "EXT 2021"]
[Source "ChessBase"]
[SourceDate "2020.10.23"]
[SourceVersion "1"]
[SourceVersionDate "2020.10.23"]
[SourceQuality "1"]

1. e4 d6 2. d4 Nf6 3. Nc3 g6 4. f3 Bg7 5. Be3 Nbd7 6. Bc4 c5 7. Nge2 0-0 8. a3 a6 9. Qd2 cxd4 10. Nxd4 Ne5 11. Bb3 Bd7 12. 0-0-0 b5 13. Bh6 Nc4 14. Bxc4 bxc4 15. Bxg7 Kxg7 16. h4 h5 17. g4 Qb6 18. g5 Ne8 19. Nd5 Qd8 20. Qc3 e5 21. Ne2 f6 22. Rhg1 f5 23. f4 fxe4 24. fxe5 dxe5 25. Qxe5+ Kh7 26. Qxe4 Bf5 27. Qe5 Qb8 28. Qxb8 Rxb8 29. Nd4 Nd6 30. Nxf5 Nxf5 31. Nf6+ Kg7 32. Nd7 Nxh4 33. Nxb8 Rxb8 34. Rd7+ Kf8 35. Rf1+ Nf5 36. Rh7 Rb5 37. Rd1 Ke8 38. Rc7 Ne7 39. Re1 Rxg5 40. Rcxe7+ Kd8 41. R1e5 Rxe5 42. Rxe5 h4 43. Rg5 h3 44. Rxg6 h2 45. Rh6 a5 46. Rxh2 a4 47. Rh4 c3 48. bxc3 Kd7 49. Rxa4 Kd6 50. Rb4 Ke5 51. a4 Ke6 52. a5 Kd5 53. a6 Kd6 54. a7 Kd7 55. a8Q Ke7 56. Rb6 Kf7 57. Qa7+ Ke8 58. Rb8# 1-0

[Event "BCF-ch Weekend Under 1825 105th"]
[Site "Hull"]
[Date "2018.07.27"]
[Round "1.11"]
[White "Zigmond, Andrew"]
[Black "O'Gorman, Brendan"]
[Result "1-0"]
[WhiteElo "1539"]
[BlackElo "1734"]
[PlyCount "51"]
[EventDate "2018.07.27"]
[EventType "swiss"]
[EventRounds "5"]
[EventCountry "ENG"]
[SourceTitle "EXT 2021"]
[Source "ChessBase"]
[SourceDate "2020.10.23"]
[SourceVersion "1"]
[SourceVersionDate "2020.10.23"]
[SourceQuality "1"]

1. e4 c5 2. Nf3 a6 3. d4 cxd4 4. Nxd4 Nf6 5. Nc3 e5 6. Nb3 Bb4 7. Bg5 h6 8. Bh4 g5 9. Bg3 Nxe4 10. Bxe5 Qe7 11. Qd4 Nxc3 12. bxc3 Nc6 13. Qe3 Nxe5 14. cxb4 Qxb4+ 15. c3 Qe7 16. 0-0-0 Qa3+ 17. Kb1 d6 18. Rd5 b5 19. Rxe5+ dxe5 20. Qxe5+ Be6 21. Qxh8+ Ke7 22. Qxa8 Bxb3 23. Qe4+ Be6 24. Qc2 b4 25. Qb2 Qa4 26. Qxb4+ 1-0

[Event "GBR-ch U1750 op 104th"]
[Site "Llandudno"]
[Date "2017.07.31"]
[Round "1"]
[White "Zigmond, Andrew"]
[Black "Parry, Samuel A"]
[Result "1-0"]
[WhiteElo "1660"]
[BlackElo "1502"]
[PlyCount "37"]
[EventDate "2017.07.31"]
[EventType "swiss"]
[EventRounds "5"]
[EventCountry "WLS"]
[SourceTitle "EXT 2019"]
[Source "ChessBase"]
[SourceDate "2018.10.10"]
[SourceVersion "1"]
[SourceVersionDate "2018.10.10"]
[SourceQuality "1"]

1. e4 c5 2. Nf3 d6 3. d4 cxd4 4. Nxd4 Nf6 5. Nc3 g6 6. f3 Bg7 7. Be3 0-0 8. Bc4 Nc6 9. Qd2 Bd7 10. 0-0-0 Rc8 11. Bb3 Ne5 12. Bh6 Nc4 13. Bxc4 Rxc4 14. Bxg7 Kxg7 15. h4 Qc7 16. h5 Nxh5 17. g4 Nf6 18. Qh6+ Kg8 19. Nd5 1-0

[Event "GBR-ch Soanes op 104th"]
[Site "Llandudno"]
[Date "2017.07.29"]
[Round "2"]
[White "Gunn, Michael J"]
[Black "Zigmond, Andrew"]
[Result "1/2-1/2"]
[WhiteElo "1563"]
[BlackElo "1660"]
[PlyCount "32"]
[EventDate "2017.07.28"]
[EventType "swiss"]
[EventRounds "5"]
[EventCountry "WLS"]
[SourceTitle "EXT 2019"]
[Source "ChessBase"]
[SourceDate "2018.10.10"]
[SourceVersion "1"]
[SourceVersionDate "2018.10.10"]
[SourceQuality "1"]

1. e4 c5 2. c3 Nc6 3. d4 cxd4 4. cxd4 d6 5. Nf3 Nf6 6. Nc3 g6 7. Bc4 Bg7 8. 0-0 0-0 9. h3 Bd7 10. Be3 Rc8 11. Bb3 Na5 12. e5 dxe5 13. dxe5 Ne8 14. Bxa7 Nc6 15. Bd4 Nxd4 16. Qxd4 Bc6 1/2-1/2